| 000 | 00503nam a2200121Ia 4500 | ||
|---|---|---|---|
| 008 | 220620s9999||||xx |||||||||||||| ||und|| | ||
| 100 | _aMaria del Rosario Garcia-Mateos||Marcos Soto-Hernandez||Mariana Palma-Tenango | ||
| 245 | 0 | _aPhenolic Compounds - Biological Activity | |
| 546 | _aEnglish[eng] | ||
| 650 | _aPhysical Sciences||Engineering and Technology||Chemistry||Phytochemistry||Organic Chemistry | ||
| 856 | _uhttps://www.intechopen.com/books/phenolic-compounds-biological-activity | ||
| 942 | _cEB | ||
| 999 |
_c34437 _d34437 |
||